000 00423nam a2200181Ia 4500
001 21026
005 20260306172849.0
008 260306t2008||||xx |||||||||||||| ||spa||
041 _aESP
082 _a344
_bC48
100 _aCerezo Mir, José
_eAUT
245 0 _aDerecho penal:
_bparte general
260 _c2008
300 _a1040 páginas :
_c24 cm.
650 _aGEN
654 _aCDE
942 _cLIB
_dJUS
_fJUS
_2ddc
_n
999 _c21026
_d21026